Alle Nationalitäten, die jemals für die TSG Hoffenheim gespielt haben - Statistiken

Allgemein
  • Dieses Quiz wurde 14 mal gespielt
  • Das Durchschnittsergebnis liegt bei 45 aus 61
Antwortstatistiken
Hint Antwort % Korrekt
Europa Dänemark
100%
Europa Deutschland
100%
Europa Italien
100%
Europa Kroatien
100%
Europa Niederlande
100%
Europa Norwegen
100%
Europa Österreich
100%
Europa Schweiz
100%
Europa Spanien
100%
Europa Tschechien
100%
Nordamerika Vereinigte Staaten
100%
Südamerika Argentinien
92%
Europa Belgien
92%
Südamerika Brasilien
92%
Europa Frankreich
92%
Europa Griechenland
92%
Asien Japan
92%
Europa Polen
92%
Europa Schweden
92%
Asien Türkei
92%
Europa Bosnien-Herzegowina
85%
Südamerika Chile
85%
Europa England
85%
Europa Finnland
85%
Afrika Ghana
85%
Afrika Marokko
85%
Afrika Nigeria
85%
Europa Serbien
85%
Afrika Algerien
77%
Ozeanien Australien
77%
Afrika Elfenbeinküste
77%
Afrika Kamerun
77%
Europa Liechtenstein
77%
Europa Russland
77%
Asien Südkorea
77%
Europa Ungarn
77%
Europa Island
69%
Asien Israel
69%
Nordamerika Jamaika
69%
Europa Kosovo
69%
Europa Montenegro
69%
Afrika Togo
69%
Asien Irak
62%
Südamerika Peru
62%
Afrika Senegal
62%
Afrika Tunesien
62%
Asien Armenien
54%
Afrika DR Kongo
54%
Nordamerika Curacao
46%
Asien Kasachstan
46%
Afrika Mali
46%
Südamerika Suriname
46%
Nordamerika Martinique
38%
Afrika Mosambik
38%
Asien Philippinen
38%
Afrika Sierra Leone
38%
Afrika Simbabwe
38%
Afrika Guinea
31%
Nordamerika Guadeloupe
23%
Nordamerika Panama
23%
Asien Tadschikistan
15%
Keine übereinstimmenden Quizze gefunden
Verteilung der Resultate
Anzahl Personen mit jedem Resultat
Perzentil nach korrekt beantworteten Fragen
Ihre Resultats-Entwicklung
Sie haben dieses Quiz noch nicht gespielt